Normal view
MARC view
- Petroleum industry and trade
Entry Topical Term
001 - CONTROL NUMBER
- control field: 7231
003 - CONTROL NUMBER IDENTIFIER
- control field: NUST
005 - DATE AND TIME OF LATEST TRANSACTION
- control field: 20171213144806.0
008 - FIXED-LENGTH DATA ELEMENTS
- fixed length control field: 171213|| aca||aabn | a|a d
040 ## - CATALOGING SOURCE
- Original cataloging agency: NUST
- Transcribing agency: NUST
150 ## - HEADING--TOPICAL TERM
- Topical term or geographic name entry element: Petroleum industry and trade
- General subdivision: Environmental aspects.
670 ## - SOURCE DATA FOUND
- Source citation: Work cat.: (NUST)0: Marler, Tim. 7230, Introduction to oil and gas environmental project management /, 1994.
